| 000 | 00797nam a2200217Ii 4500 | ||
|---|---|---|---|
| 003 | JO-AjNU | ||
| 008 | 230605s9999||||xx |||||||||||||| ||und|| | ||
| 017 | _a2005/13689 | ||
| 020 | _a977-327-560-4 | ||
| 040 |
_aJO-AjNU _bara _erda _cJO-AjNU |
||
| 041 | _aara | ||
| 050 | 1 | 4 | _aPJ6064.I26.N3388 2005 |
| 100 | 3 |
_aتاليف نحلة، محمود أحمد, _eauthor _97786 |
|
| 245 | 0 | 0 | _aصور تأليف الكلام عند ابن هشام |
| 264 | 3 | 1 | _aالاسكندرية: دار الوفاء لدنيا الطباعة والنشر، 2005 |
| 300 | _a143ص | ||
| 336 |
_atext _btxt _2rdacontent |
||
| 337 |
_aunmediated _bn _2rdamedia |
||
| 338 |
_avolume _bnc _2rdacarrier |
||
| 650 | 4 |
_aصور تاليف الكلام عند ابن هشام-قواعد لغة عربية-ابن هشام _97787 |
|
| 999 |
_aA456 _c4024 _d4024 |
||